000 00302nam a2200109Ia 4500
001 1269978
005 20260417145319.0
008 260417s9999 xx 000 0 und d
020 _a9772149467977
245 0 _aZehir Gibi Kafalar Dünya'nın Neden Ateşi Var
_cFederico Taddia
260 _bKetebe Çocuk
999 _c1269978
_d1269978